Every Stanley Cup Winner Ever - Statistics

General Stats
  • This quiz has been taken 52 times
  • The average score is 104 of 139
Answer Stats
Hint Answer % Correct
1929 | 1939 | 1941 | +3 others Boston Bruins
100%
2010 | 2013 | 2015 Chicago Blackhawks
100%
1934 | 1938 | 1961 Chicago Black hawks
100%
1936 | 1937 | 1943 | +8 others Detroit Red Wings
97%
2024 | 2025 Florida Panthers
97%
1916 | 1924 | 1930 | +21 others Montreal Canadiens
97%
1928 | 1933 | 1940 | 1994 New York Rangers
97%
1967 Toronto Maple Leafs
97%
2023 Vegas Golden Knights
97%
2012 | 2014 Los Angeles Kings
94%
1980 | 1981 | 1982 | 1983 New York Islanders
94%
1974 | 1975 Philadelphia Flyers
94%
2004 | 2020 | 2021 Tampa Bay Lightning
94%
2018 Washington Capitals
94%
2007 Anaheim Ducks
91%
1989 Calgary Flames
91%
1999 Dallas Stars
91%
2019 St. Louis Blues
88%
2006 Carolina Hurricanes
85%
1996 | 2001 | 2022 Colorado Avalanche
85%
1984 | 1985 | 1987 | +2 others Edmonton Oilers
85%
1995 | 2000 | 2003 New Jersey Devils
85%
1991 | 1992 | 2009 | +2 others Pittsburgh Penguins
85%
1909 | 1910*** | 1911 Ottawa Hockey Club (Senators)
82%
1920 | 1921 | 1923 | 1927 Ottawa Senators
79%
1932 | 1942 | 1945 | +7 others Toronto Maple Leafs
73%
1926 | 1935 Montreal Maroons
52%
1925** Victoria Cougars
39%
1915 Vancouver Millionaires
36%
1895 | 1896 | 1897 | +2 others Montreal Victorias
33%
1896 | 1901 | 1902 Winnipeg Victorias
33%
1903 | 1904 | 1905 | 1906 Ottawa Hockey Club (Silver Sevens)
30%
1907 Kenora Thistles
27%
1918 Toronto Arenas
24%
1922 Toronto St. Patricks
24%
1899 | 1900 Montreal Shamrocks
21%
1917 Seattle Metropolitans
18%
1912 | 1913 Quebec Bulldogs
15%
1906 | 1907 | 1908 | 1910 Montreal Wanderers
12%
1914 Toronto Hockey Club (Blueshirts)
6%
1893 | 1894 | 1895 | +2 others Montreal Hockey Club (AAA Winged Wheelers)
3%
No matching quizzes found
Score Distribution
Percent of People with Each Score
Percentile by Number Answered
Your Score History
You have not taken this quiz